|
|
|
|
| LEADER |
01288nam a22003613a 4500 |
| 001 |
38855 |
| 003 |
BD-DhAAL |
| 008 |
220616t1989 nyu 000 0 eng d |
| 999 |
|
|
|c 44390
|d 44390
|
| 010 |
|
|
|a 2008571368
|
| 020 |
|
|
|a 0451159799 (pbk.) :
|c $3.95
|
| 020 |
|
|
|a 9780451159793 (pbk.)
|
| 035 |
|
|
|a (OCoLC)ocm19880743
|
| 035 |
|
|
|a (OCoLC)19880743
|
| 040 |
|
|
|a OCO
|c OCO
|d SLC
|d BAKER
|d BTCTA
|d DLC
|d BD-DhAAL
|
| 042 |
|
|
|a lccopycat
|
| 050 |
0 |
0 |
|a CPB Box no. 2642 vol. 2
|
| 082 |
|
|
|a 814.54
|
| 100 |
1 |
|
|a Rovin, Jeff.
|9 49383
|
| 245 |
1 |
0 |
|a 1,001 more great jokes /
|c Jeff Rovin.
|
| 260 |
|
|
|a New York, N.Y. :
|b New American Library,
|c c1989.
|
| 300 |
|
|
|a 318 pages ;
|c 18 cm.
|
| 490 |
0 |
|
|a Signet reference
|
| 490 |
0 |
|
|a A Signet book
|
| 541 |
|
|
|a Donated By Akbar Ali Khan
|e 38855
|
| 650 |
|
|
|a American wit and humor.
|9 49384
|
| 710 |
2 |
|
|a Copyright Paperback Collection (Library of Congress)
|5 DLC
|9 49385
|
| 740 |
0 |
|
|a One hundred one more great jokes.
|
| 740 |
0 |
|
|a One hundred and one more great jokes.
|
| 740 |
0 |
|
|a 1001 more great jokes.
|
| 830 |
|
|
|a A Signet book
|9 49386
|
| 942 |
|
|
|2 ddc
|c BK
|
| 952 |
|
|
|0 0
|1 0
|2 ddc
|4 0
|6 814_540000000000000_ROV
|7 1
|9 70937
|a BRACUL
|b BRACUL
|c AAKC
|d 2022-06-15
|e Donated by Akbar Ali Khan
|l 0
|o 814.54 ROV
|p 3010038855
|r 2022-06-15
|t 1
|w 2022-06-15
|y BK
|